000 00545cam a2200145 4500500
005 20260208002439.0
041 _afre
042 _adc
100 1 0 _aMasset, Claude
_eauthor
245 0 0 _aAlbert Piette, L’Acte d’exister. Une phénoménographie de la présence, Marchienne-au-Pont, Socrates-Promarex, 2009, 222 p., bibl.
260 _c2011.
500 _a15
786 0 _nL'Homme | 198-199 | 2 | 2011-07-01 | p. 367c-374c | 0439-4216
856 4 1 _uhttps://shs.cairn.info/revue-l-homme-2011-2-page-367c?lang=fr&redirect-ssocas=7080
999 _c1646398
_d1646398